| 000 | 00584nam a2200181Ia 4500 | ||
|---|---|---|---|
| 008 | 090124s9999 xx 000 0 und d | ||
| 082 |
_b5437 _a93 |
||
| 100 | _aकानेटकर श.के. (शङ्कर केशव) | ||
| 245 | _a काव्यकला | ||
| 250 | _a1 | ||
| 260 | _c1935 | ||
| 300 | _a122 | ||
| 600 | _aकानेटकर श.के. (शङ्कर केशव) | ||
| 630 | _a काव्यकला | ||
| 700 | _aकानेटकर श.के. (शङ्कर केशव) | ||
| 730 | _a काव्यकला | ||
| 942 | _cBOOK | ||
| 999 |
_c119378 _d119378 |
||